Eniten NHL-pisteitä tehneitä pelaajia eri maista - Statistics

Yleistilastot
  • Tätä visaa on pelattu 110 kertaa
  • Keskiarvotulos 7 / 20
Vastaustilastot
Hint Vastaus % Oikein
Suomi (1457 p) Teemu Selänne
97%
Kanada (2857 p) Wayne Gretzky
89%
Tsekki (1921 p) Jaromir Jagr
83%
Venäjä (1623 p) Alexander Ovechkin
64%
Slovenia (1278 p) Anze Kopitar
62%
Ruotsi (1349 p) Mats Sundin
54%
Norja (690 p) Mats Zuccarello
43%
Tanska (520 p) Nikolaj Ehlers
41%
Sveitsi (724 p) Roman Josi
38%
Yhdysvallat (1374 p) Mike Modano
35%
Itävalta (789 p) Thomas Vanek
23%
Kazakstan (465 p) Nikolai Antropov
14%
Ukraina (892 p) Peter Bondra
13%
Slovakia (1467 p) Stan Mikita
13%
Liettua (591 p) Dainius Zubrus
11%
Saksa (956 p) Leon Draisatl
11%
Latvia (564 p) Sandis Ozolins
10%
Serbia (866 p) Ivan Boldirev
1%
Ranska (673 p) Paul MacLean
1%
Iso-Britannia (933 p) Steve Thomas
1%
Ehtoja vastaavia visoja ei löytynyt
Tulosjakauma
Jokaisen tuloksen saaneiden osuus
Persentiili vastausten määrän mukaan
Tuloshistoriasi
Et ole pelannut tätä visaa